00249nam a22001097a 4500020001800000040000900018082001700027100002300044245001800067260003600085650001800121 a9780071203791 cNust a005.133bGOT aBryon S. Gottfried aVisual basics aNew York :bMcGraw-Hill,c2002. aVisual basics